000
00278nam a22001217a 4500
008
180807b xxu||||| |||| 00| 0 eng d
082
_a
813.52
245
_a
Primary Source Investigator
_c
Hil,M.G
260
_c
2005
300
_a
1
_f
CD
440
_x
0072918470
942
_2
ddc
_c
MX
999
_c
46908
_d
46908